Neue Konzepte für das Kostenmanagement Controllingorientierte Modelle für Industrie-und Dienstleistungsunternehmen

Salvato in:
Dettagli Bibliografici
Autore principale: Vikas, Kurt
Natura: Libro
Lingua:tedesco
Pubblicazione: Wiesbaden Gabler 1991
Edizione:1. Aufl.
Soggetti:
Tags: Aggiungi Tag
Nessun Tag, puoi essere il primo ad aggiungerne!!

MARC

LEADER 00000nam a2200000 4500
001 c000177
005 20221214102156.8
020 |a 3-409-12112-9 
041 0 |a ger 
044 |a DE 
245 1 0 |a Neue Konzepte für das Kostenmanagement  |b Controllingorientierte Modelle für Industrie-und Dienstleistungsunternehmen  |c Kurt Vikas 
250 |a 1. Aufl. 
264 1 |a Wiesbaden  |b Gabler  |c 1991 
300 |a 216 s. 
610 2 0 |a účtovníctvo 
610 2 0 |a náklady 
610 2 0 |a podnik priemyselný 
610 2 0 |a kontroling 
610 2 0 |a modely ekonomické 
610 2 0 |a služby 
610 2 0 |a modely podniku 
100 1 |a Vikas, Kurt